Πέντε μελετήματα για τον Αγγελο Σικελιανό

Αποθηκεύτηκε σε:
Λεπτομέρειες βιβλιογραφικής εγγραφής
Κύριος συγγραφέας: Φράγκου-Κικίλια, Ρίτσα (1940- )
Μορφή: Βιβλίο
Γλώσσα:Greek
Δημοσίευση: Αθήνα : Φιλιππότης, 1988
Έκδοση:2η εκδ.
Σειρά:Κριτική-μελετήματα ; ; 30
Θέματα:
Ετικέτες: Προσθήκη ετικέτας
Δεν υπάρχουν, Καταχωρήστε ετικέτα πρώτοι!

MARC

LEADER 00000nam a2200000 i 4500
001 1/83321
008 950505s1988 gre d
035 |a 1992  |b 1  |c Δωρεά  |l 10034163 
040 |a GR-MY-UA  |b gre  |e aacr 
041 0 |a gre 
082 0 |a 889.13092 
100 1 |a Φράγκου-Κικίλια, Ρίτσα  |d (1940- ) 
245 1 0 |a Πέντε μελετήματα για τον Αγγελο Σικελιανό /  |c Ρίτσα Φράγκου-Κικίλια 
250 |a 2η εκδ. 
260 |a Αθήνα :   |b Φιλιππότης,   |c 1988 
300 |a 178 σ. 
490 1 |a Κριτική-μελετήματα  |v ; 30 
600 1 0 |a Σικελιανός, Άγγελος,   |d 1884-1951. 
650 0 0 |a Poets, Greek. 
650 0 0 |a Speeches, addresses, etc. 
830 0 |a Κριτική-μελετήματα ;  |v ; 30 
852 |a INST  |b LESVOS  |e 19950505  |h 889.13092 ΦΡΑ  |p 005100001289  |q 005100001289  |t BK  |y 0 
852 |a INST  |b LESVOS  |e 19950505  |h 889.13092 ΦΡΑ  |p 005100001290  |q 005100001290  |t BK  |y 0 
852 |a INST  |b RHODES  |e 19970313  |h 889.13092 ΦΡΑ  |p 005400000059  |q 005400000059  |t BK  |y 0 
852 |a INST  |b RHODES  |e 19970313  |h 889.13092 ΦΡΑ  |p 005400000060  |q 005400000060  |t BK  |y 0 
909 |a Ρ  |b 022107  |c 1992 
909 |a Λ  |b 021530 
909 |a Ρ  |b 022108  |c 1992 
922 |a 1ΔΩΡ  |b 199112